| 000 | 00507nam a2200181 i 4500 | ||
|---|---|---|---|
| 001 | 33528 | ||
| 003 | ES-MaACL | ||
| 005 | 20230906154755.0 | ||
| 007 | t| | ||
| 008 | 030202s1969 sp ||||1| spa d | ||
| 100 | 1 |
_aBiggle, Lloyd. _928837 |
|
| 245 | 1 | 0 |
_aFuria intemporal / _cLloyd Biggle ; [traductor, M. Bartolomé]. |
| 250 | _a1ª ed. | ||
| 260 |
_aBarcelona : _bRumen, _c[1969] |
||
| 300 |
_a312 p. ; _c21 cm. |
||
| 700 | 1 |
_aBartolomé López, Manuel. _926171 |
|
| 852 |
_aES-MaACL _jC-35447 _bR.68906 |
||
| 999 |
_c33528 _d33528 |
||